Southville International School and Colleges
Your cart is empty.
  • Cart
  • Lists
    Public lists Eva Luna New books Lux_list list_1
    Your lists Log in to create your own lists
  • Log in to your account
  • Your cookies
  • Search history
Southville International School and Colleges
  • Advanced search
  • Recent comments
  • Most popular
  • Libraries

Log in to your account

Log in with GOOGLE


If you do not have an external account, but do have a local account, you can still log in:

  1. Home
  2. MARC view: Principles of acute care nursing
Normal view MARC view ISBD view

Principles of acute care nursing (Record no. 365891)

[ view plain ]
MARC details
000 -LEADER
fixed length control field 00547nam a22001817a 4500
003 - CONTROL NUMBER IDENTIFIER
control field 0
005 - DATE AND TIME OF LATEST TRANSACTION
control field 20240125070845.0
008 - FIXED-LENGTH DATA ELEMENTS--GENERAL INFORMATION
fixed length control field 240125b xxu||||| |||| 00| 0 eng d
020 ## - INTERNATIONAL STANDARD BOOK NUMBER
International Standard Book Number 978-1-5264-2419-8
050 ## - LIBRARY OF CONGRESS CALL NUMBER
Classification number RT 120
Item number .M44 2022
100 ## - MAIN ENTRY--PERSONAL NAME
Personal name McGloin, Sarah
245 ## - TITLE STATEMENT
Title Principles of acute care nursing
Statement of responsibility, etc Sarah McGloin
260 ## - PUBLICATION, DISTRIBUTION, ETC. (IMPRINT)
Place of publication, distribution, etc London
Name of publisher, distributor, etc Sage Publications Ltd.
Date of publication, distribution, etc c2022.
300 ## - PHYSICAL DESCRIPTION
Extent viii, 268 pages ;
Dimensions 25 cm.
504 ## - BIBLIOGRAPHY, ETC. NOTE
Bibliography, etc Includes bibliographical references, index, and glossary.
650 ## - SUBJECT ADDED ENTRY--TOPICAL TERM
Topical term or geographic name as entry element Nursing care.
942 ## - ADDED ENTRY ELEMENTS (KOHA)
Source of classification or shelving scheme Library of Congress Classification
Koha item type Books
Holdings
Withdrawn status Lost status Source of classification or shelving scheme Damaged status Home library Current library Shelving location Date acquired Source of acquisition Sub Shelving location Total Checkouts Total Renewals Full call number Barcode Date last seen Date checked out Price effective from Koha item type
    Library of Congress Classification   College Library College Library Reserve Section 01/25/2024 Library Fund   1 1 RT 120 .M44 2022 C23227 05/08/2025 03/10/2025 01/25/2024 Books

Principles of acute care nursing

APA

McGloin S., . (2022). Principles of acute care nursing. London: Sage Publications Ltd.

Chicago

McGloin Sarah, . 2022. Principles of acute care nursing. London: Sage Publications Ltd.

Harvard

McGloin S., . (2022). Principles of acute care nursing. London: Sage Publications Ltd.

MLA

McGloin Sarah, . Principles of acute care nursing. London: Sage Publications Ltd. 2022.

  • Place hold
  • Print
  • Cite
  • Add to your cart (remove)
  • Save record
    BIBTEX Dublin Core MARCXML MARC (non-Unicode/MARC-8) MARC (Unicode/UTF-8) MARC (Unicode/UTF-8, Standard) MODS (XML) RIS
  • More searches
    Search for this title in:
    Other Libraries (WorldCat) Other Databases (Google Scholar) Online Stores (Bookfinder.com) Open Library (openlibrary.org)

Exporting to Dublin Core...

SOUTHVILLE LIBRARY

Southville International School and Colleges Library

1281 Tropical Ave. Cor. Luxembourg St., BF Homes International, Las Pinas City

Tel. No. 8256374 / 252358 Loc. 117/146

Powered by Koha